00770nam a22002537a 45000010005000000030006000050050017000110080041000280200018000690400029000870500015001160820011001311000019001422450044001612500047002052600037002523000053002895050008003425200064003505210029004145210020004436500025004636500028004887019FISKH20250617153611.0250617b cb ||||| |||| 00| 0 eng d a9780439678995 aFISKHbengcFISKHdFISKH aSB347 .B47 a635.62 aBerger, Melvin aPumpkins /cBy Melvin and Gilda Berger  aFirst Scholastic printing , September 2004 aNew York :bScholastic , c2004. a12 pages : bcolor illustrations ; c18x21 cm .  aD  aFall is pumpkin time! Read and discover all about pumpkins.8 a160 bLexile estimate 8 aD bRaz-PLus  aAutumn vNon-fiction aHalloween vNon-fiction